Statistics for Name a Country By World Record #1

Click here to take the quiz!

General Stats

  • This quiz has been taken 15 times
  • The average score is 7 of 20

Answer Stats

Name a country ...Answer% Correct
with the most Facebook users (270 million)India
100%
with the most internet users (About 747
million)
China
91%
who produces the most oxygen from trees
(25% of worlds trees)
Russia
82%
that has the person with the most amount
Everest climbs (23)
Nepal
73%
with the most vending machines per capita
(Around 1 per every 31 people)
Japan
55%
with the lowest average age (14.8 years)Niger
45%
that has the youngest person to win a
Nobel Peace Prize (17 years old)
Pakistan
45%
with the home to the longest test cricket
match (10 days)
South Africa
36%
that has the biggest drop in population
(18.2% decrease in 2017)
Latvia
27%
with the loudest burp (107.3 decibels)United States Of America
27%
with the most tattooed manAustralia
18%
with the longest rug (35,787 ft, 9 in)Kazakhstan
18%
that is the largest country with no farms
(281.3 mi^2 and around 5.8 million people)
Singapore
18%
with the oldest president ever (89 years old)Dominican Republic
9%
with the tallest woman (7 ft, 0.7in)Turkey
9%
that has the person who’s held their breath
the longest (24 minutes and 37.76 seconds)
Croatia
0%
The that has the longest bus (105.64 ft)Democratic Republic Of The Congo
0%
with the most cookies baked in 1 hour
(4,695 cookies)
Ireland
0%
with the largest pyramid made out of books
(63,377 books)
Luxembourg
0%
that had the largest serving of grilled chicken
(14,305.5 pounds)
Uruguay
0%

Score Distribution

Percentile by Number Answered

Percent of People with Each Score

Your Score History

You have not taken this quiz